| Tag |
First Indicator |
Second Indicator |
Subfields |
| LEADER |
00000cas a2200000 a 4500 |
| 001 |
in00002483621 |
| 005 |
20211202190832.0 |
| 006 |
m b |
| 007 |
cr ||||||||||| |
| 008 |
090212c20059999dcuar s f0 a0eng c |
| 010 |
|
|
|a 2009230511
|
| 022 |
0 |
|
|a 1948-5395
|2 1
|
| 035 |
|
|
|a (OCoLC)ocn303646411
|
| 037 |
|
|
|b ARS National Programs, 5601 Sunnyside Ave., GWCC 4-2154, Beltsville MD 20705
|
| 040 |
|
|
|a GPO
|c GPO
|d DLC
|d GPO
|d MvI
|d UtOrBLW
|
| 042 |
|
|
|a lcd
|a nsdp
|
| 043 |
|
|
|a n-us---
|
| 049 |
|
|
|a WWW
|
| 050 |
1 |
0 |
|a ISSN RECORD
|
| 074 |
|
|
|a 0026-A-32 (online)
|
| 082 |
1 |
0 |
|a 363
|2 14
|
| 086 |
0 |
|
|a A 77.718/3:G 76/
|
| 222 |
|
0 |
|a Optical properties of small grains for rapid and objective assessment of quality and safety ... annual report
|b (Online)
|
| 245 |
0 |
0 |
|a Optical properties of small grains for rapid and objective assessment of quality and safety ... annual report.
|
| 264 |
|
1 |
|a Washington, D.C. :
|b U.S. Dept. of Agriculture, Agricultural Research Service.
|
| 300 |
|
|
|a :
|b HTML files.
|
| 310 |
|
|
|a Annual
|
| 336 |
|
|
|a text
|b txt
|2 rdacontent
|
| 337 |
|
|
|a computer
|b c
|2 rdamedia
|
| 338 |
|
|
|a online resource
|b cr
|2 rdacarrier
|
| 362 |
1 |
|
|a Began with 2005.
|
| 500 |
|
|
|a Description based on first issue; title from title screen (viewed Feb. 12, 2009).
|
| 538 |
|
|
|a Mode of access: Internet via the USDA Agricultural Research Service web site. Address as of 2/12/09: http://www.ars.usda.gov/research/projects/projects.htm?ACCN%5FNO=408471&showpars=true&fy=2005 ; current access available via PURL.
|
| 500 |
|
|
|a Description based on first issue; title from title scren (viewed Feb. 12, 2009).
|
| 500 |
|
|
|a Latest issue consulted: 2008.
|
| 515 |
|
|
|a Report covers fiscal year.
|
| 500 |
|
|
|a Electronic resource.
|
| 650 |
|
0 |
|a Grain
|x Inspection
|x Equipment and supplies
|x Technological innovations
|z United States
|v Periodicals.
|
| 650 |
|
0 |
|a Wheat
|x Inspection
|x Equipment and supplies
|x Technological innovations
|z United States
|v Periodicals.
|
| 650 |
|
0 |
|a Grain
|x Quality
|x Research
|z United States
|v Periodicals.
|
| 650 |
|
0 |
|a Wheat
|x Quality
|x Research
|z United States
|v Periodicals.
|
| 650 |
|
0 |
|a Quality control
|x Optical methods
|x Research
|z United States
|v Periodicals.
|
| 710 |
2 |
|
|a Quality and Utilization of Agricultural Products National Program (U.S.)
|
| 710 |
1 |
|
|a United States.
|b Agricultural Research Service.
|
| 856 |
4 |
0 |
|u https://purl.fdlp.gov/GPO/LPS108951
|t 0
|
| 999 |
|
|
|a MARS
|
| 999 |
f |
f |
|s 80f3c15d-4a27-3faf-b537-7be4d7dd9f33
|i faff9299-dd2f-3195-b56e-13d6273ae1cd
|t 0
|
| 952 |
f |
f |
|a Texas A&M University
|b College Station
|c Electronic Resources
|d Available Online
|t 0
|e A 77.718/3:G 76/
|h Superintendent of Documents classification
|
| 998 |
f |
f |
|a A 77.718/3:G 76/
|t 0
|l Available Online
|